El régimen legal de la sociedad anónima en Chile

Uloženo v:
Podrobná bibliografie
Hlavní autor: Fernández Villamayor, Angel (autor)
Médium: Kniha
Jazyk:španělština
Vydáno: Santiago Jurídica 1977
Vydání:2a. ed
Témata:
Tagy: Přidat tag
Žádné tagy, Buďte první, kdo vytvoří štítek k tomuto záznamu!

MARC

LEADER 00000nam a2200000 a 4500
001 UCV2041
003 CL-VaPUC
008 910927e19770000CL |||||||||||||||||spa|d
082 0 4 |a 346.066  |b FER  |2 21 
100 |a Fernández Villamayor, Angel  |e autor  |9 386979 
245 1 3 |a El régimen legal de la sociedad anónima en Chile 
250 |a 2a. ed 
300 |a 360 p 
942 |c BK 
945 |d 19910927 00:00:00 
260 |a Santiago  |b Jurídica  |c 1977 
650 0 |a Sociedades anónimas  |9 255387 
650 0 |a Derecho y legislación   |9 255077 
651 7 |a CHILE  |2 CL-VaPUC  |9 296248 
583 |a last modification  |c 20130328 13:31:27  |k Rodrigo Vera 
999 |c 209732  |d 209730 
952 |0 0  |1 0  |4 0  |6 346_066000000000000_FER_1977  |7 0  |8 A  |9 185409  |a BIBDER  |b BIBDER  |d 2019-11-14  |i 2529033  |l 12  |m 6  |o 346.066 FER 1977  |p 2529033  |r 2023-01-25  |s 2022-03-31  |w 2019-11-14  |y BK  |k DER